Beyond disruption : (Record no. 21545)

MARC details
000 -LEADER
fixed length control field 00662nam a22002057a 4500
003 - CONTROL NUMBER IDENTIFIER
control field OSt
008 - FIXED-LENGTH DATA ELEMENTS--GENERAL INFORMATION
fixed length control field 260303b2023 |||||||| |||| 00| 0 eng d
020 ## - INTERNATIONAL STANDARD BOOK NUMBER
International Standard Book Number 9781647821326
082 ## - DEWEY DECIMAL CLASSIFICATION NUMBER
Classification number 658.4063
Item number KIM-B
100 ## - MAIN ENTRY--PERSONAL NAME
Personal name Kim, W. Chan
245 ## - TITLE STATEMENT
Title Beyond disruption :
Remainder of title innovate and achieve growth without displacing industries companies or jobs /
Statement of responsibility, etc W. Chan Kim and Renee Mauborgne
260 ## - PUBLICATION, DISTRIBUTION, ETC. (IMPRINT)
Place of publication, distribution, etc Boston :
Name of publisher, distributor, etc Harvard Business Review,
Date of publication, distribution, etc 2023.
300 ## - PHYSICAL DESCRIPTION
Extent / Pages xi, 225 p. ;
650 ## - SUBJECT ADDED ENTRY--TOPICAL TERM
Topical term or geographic name as entry element Technological innovations
650 ## - SUBJECT ADDED ENTRY--TOPICAL TERM
Topical term or geographic name as entry element Success in business
650 ## - SUBJECT ADDED ENTRY--TOPICAL TERM
Topical term or geographic name as entry element Economic development
650 ## - SUBJECT ADDED ENTRY--TOPICAL TERM
Topical term or geographic name as entry element Business ethics
650 ## - SUBJECT ADDED ENTRY--TOPICAL TERM
Topical term or geographic name as entry element Disruptive technologies.
942 ## - ADDED ENTRY ELEMENTS (KOHA)
Source of classification or shelving scheme
Koha item type Books
Holdings
Withdrawn status Lost status Source of classification or shelving scheme Damaged status Not for loan Home library Current library Date acquired Source of acquisition Currency Cost, normal purchase price Full call number Barcode Date last seen Copy number Bill Date Koha item type Bill Number
          SOBD Library SOBD Library 17/02/2026 All India Book House INR 1399.00 658.4063 KIM-B1 008248 03/03/2026 1 17/02/2026 Reference Books NA/IN/1929
          SOBD Library SOBD Library 17/02/2026 All India Book House INR 1399.00 658.4063 KIM-B2 008249 03/03/2026 2 17/02/2026 Books NA/IN/1929
          SOBD Library SOBD Library 17/02/2026 All India Book House INR 1399.00 658.4063 KIM-B3 008250 03/03/2026 3 17/02/2026 Books NA/IN/1929
Hosted, Implemented, Customized & Maintained by: BestBookBuddies

Powered by Koha